[Event "It"]
[Site "Bermuda BER"]
[Date "2004.01.15"]
[Round "1"]
[White "Vescovi,G"]
[Black "Macieja,B"]
[Result "1/2-1/2"]
[WhiteElo "2633"]
[BlackElo "2653"]
[EventDate "2004.01.15"]

1. e4 e5 2. Nf3 Nf6 3. Nxe5 d6 4. Nf3 Nxe4 5. d4 d5 6. Bd3 Nc6 7. O-O Be7
8. Re1 Bf5 9. c3 O-O 10. Qc2 Re8 11. Bf4 Bd6 12. Bg3 Nxg3 13. hxg3 Bxd3 14.
Qxd3 Rxe1+ 1/2-1/2

[Event "It"]
[Site "Bermuda BER"]
[Date "2004.01.17"]
[Round "3"]
[White "Iordachescu,V"]
[Black "Gelfand,B"]
[Result "0-1"]
[WhiteElo "2634"]
[BlackElo "2709"]
[EventDate "2004.01.15"]

1. e4 c5 2. Nf3 d6 3. d4 cxd4 4. Nxd4 Nf6 5. Nc3 a6 6. Be3 e6 7. f3 Nc6 8.
Qd2 Be7 9. O-O-O O-O 10. g4 Nxd4 11. Bxd4 b5 12. g5 Nd7 13. h4 Qc7 14. Kb1
b4 15. Na4 Bb7 16. Qxb4 Bc6 17. Nc3 Rfb8 18. Qc4 Ne5 19. Qe2 Bb5 20. Nxb5
axb5 21. c3 Nc4 22. b3 Qa5 23. Rh2 e5 24. Be3 Na3+ 25. Kb2 Nc4+ 26. Kb1
Na3+ 27. Kb2 b4 28. Rd5 bxc3+ 29. Kc1 Qb4 30. Qd3 Ra5 31. Rxa5 Qxa5 32. Qa6
Qb4 33. Qa7 d5 34. exd5 Bd6 35. h5 Nb5 36. Qd7 Bc5 37. Bxc5 Qf4+ 38. Kd1
Qxh2 39. Be3 Nd4 40. Qc7 Qc2+ 0-1

[Event "It"]
[Site "Bermuda BER"]
[Date "2004.01.23"]
[Round "8"]
[White "Gelfand,B"]
[Black "Iordachescu,V"]
[Result "1/2-1/2"]
[WhiteElo "2709"]
[BlackElo "2634"]
[EventDate "2004.01.15"]

1. e4 e5 2. Nf3 Nf6 3. Nxe5 d6 4. Nf3 Nxe4 5. d4 d5 6. Bd3 Nc6 7. O-O Be7
8. c4 Nb4 9. Be2 O-O 10. Nc3 Be6 11. Ne5 f6 12. Nf3 Kh8 13. cxd5 Nxc3 14.
bxc3 Nxd5 15. Bd2 Nb6 16. Re1 Bc4 17. Bxc4 Nxc4 18. Qb3 Nxd2 19. Nxd2 b6
20. Re2 Bd6 21. Rae1 Qd7 22. g3 Rae8 23. Ne4 Be7 24. Nd2 Bd6 25. Rxe8 Rxe8
26. Rxe8+ Qxe8 27. Qd5 Qg8 28. Qb7 Qxa2 29. Qa8+ Qg8 30. Qxa7 h5 31. Qb7
Qe6 32. Qf3 g6 33. Kg2 Kg7 34. h4 Be7 35. Qb7 Bd6 36. Qc6 Kf7 37. Nc4 Ke7
38. Ne3 Kf7 39. c4 f5 40. Qf3 Qe4 41. Qxe4 1/2-1/2